Quy chuẩn kỹ thuật Quốc gia về môi trường : Luật bảo vệ môi trường: Quy chuẩn kỹ thuật quốc gia về nước thải, nước sinh hoạt, nước ăn uống, chất thải công nghiệp; hướng dẫn về đánh giá môi trường chiến lược, đánh giá tác động môi trường
Nội dung sách giới thiệu các quy chuẩn Quốc gia về môi trường như: quy chuẩn kỹ thuật quốc gia về nước thải, nước sinh hoạt, nước ăn uống, chất thải công nghiệp; hướng dẫn về đánh giá môi trường chiến lược, đánh giá tác động môi...
Сохранить в:
| Соавтор: | |
|---|---|
| Формат: | |
| Язык: | Undetermined |
| Опубликовано: |
Hà Nội
Lao động
2009
|
| Предметы: | |
| Метки: |
Добавить метку
Нет меток, Требуется 1-ая метка записи!
|
| Thư viện lưu trữ: | Trung tâm Học liệu Trường Đại học Cần Thơ |
|---|
| LEADER | 01392nam a2200217Ia 4500 | ||
|---|---|---|---|
| 001 | CTU_232038 | ||
| 008 | 210402s9999 xx 000 0 und d | ||
| 082 | |a 344.597046 | ||
| 082 | |b B450 | ||
| 110 | |a Bộ Tài nguyên và Môi trường | ||
| 245 | 0 | |a Quy chuẩn kỹ thuật Quốc gia về môi trường : | |
| 245 | 0 | |b Luật bảo vệ môi trường: Quy chuẩn kỹ thuật quốc gia về nước thải, nước sinh hoạt, nước ăn uống, chất thải công nghiệp; hướng dẫn về đánh giá môi trường chiến lược, đánh giá tác động môi trường | |
| 245 | 0 | |c Bộ Tài nguyên và Môi trường | |
| 260 | |a Hà Nội | ||
| 260 | |b Lao động | ||
| 260 | |c 2009 | ||
| 520 | |a Nội dung sách giới thiệu các quy chuẩn Quốc gia về môi trường như: quy chuẩn kỹ thuật quốc gia về nước thải, nước sinh hoạt, nước ăn uống, chất thải công nghiệp; hướng dẫn về đánh giá môi trường chiến lược, đánh giá tác động môi trường | ||
| 650 | |a Luật môi trường,Environmental law | ||
| 650 | |z Việt Nam,Vietnam | ||
| 910 | |b dqhieu | ||
| 980 | |a Trung tâm Học liệu Trường Đại học Cần Thơ | ||